MDQL
is popping MORE tags! Check the
thread
!
Quizzes
Events
Quiz Creation
Community
Videos
Private Events
Remove Ads
Sign In
Join for FREE
Feedback
Dark Mode
Quiz Categories
Sports
Geography
Music
Movies
Television
Just For Fun
Miscellaneous
History
Literature
Language
Science
Gaming
Entertainment
Religion
Holiday
For Kids
Quiz Lab
Recent
Popular Today
Quiz Kudos Today
Editor Picks
Curator Picks
Quizzes by...
Day
Popularity
Type
Ratings
Length
Year
Community
Subscriptions
Recent Discussions
Orange Saloon
Badges
Playlists
Quests
Create
Leaderboards
Showdown
Live 5
Trivia Bingo
Activity
Puzzle Library
Sporcle Events
Private Events
Virtual Trivia
Globe League
Become a Host
Pub Owners
SporcleCon
Opinionation
Our Games
Videos
Blog
Mobile Apps
Partnerships
Remove Ads and Go Orange
Feedback
Television
TV Characters
TV Show
Sitcom
Network
Friends
Reality Shows
Cast
South Park
Star Trek
The Simpsons
Doctor Who
Television
TV Characters
TV Show
Sitcom
Network
Friends
Reality Shows
Cast
South Park
Star Trek
The Simpsons
Doctor Who
Random Quiz
Search Sporcle
×
Quiz Lab
Quiz Lab
Television
Song
Type in answers that appear in a list
Type in answers that appear in a list
Classic
Best Score? Go Orange.
Spongebob Squarepants opening theme song lyrics Stats
Can you name the Spongebob Squarepants opening theme song lyrics?
By
superstar700
3m
57 Questions
45 Plays
45 Plays
45 Plays
Comments
Comments
Give Quiz Kudos
Give Quiz Kudos
-
- Ratings
hide this ad
Replay
Link that replays current quiz
Next Quiz
Link to next quiz in quiz playlist
You Got
0%
They Got
Avg Score
74%
Avg Friend Score
Upgrade to see
Score Distribution
Jump to the score distribution portion of the page
Score
0/57
Timer
03:00
0
Plays Today
Hint
Answer
% Correct
A
97.8%
The
97.8%
And
97.8%
And
97.8%
The
97.8%
And
97.8%
A
97.8%
You
91.1%
I
91.1%
You
91.1%
You
91.1%
Are
88.9%
Are
88.9%
Ready
86.7%
Ready
86.7%
Kids
84.4%
Who
80%
Lives
77.8%
Pineapple
77.8%
He
77.8%
In
75.6%
Under
75.6%
Sea
75.6%
Spongebob
75.6%
Squarepants
75.6%
Spongebob
75.6%
Squarepants
75.6%
Spongebob
75.6%
Squarepants
75.6%
Hint
Answer
% Correct
Spongebob
75.6%
Squarepants
75.6%
Spongebob
75.6%
Squarepants
75.6%
Spongebob
75.6%
Squarepants
75.6%
Spongebob
75.6%
Squarepants
75.6%
Spongebob
75.6%
Squarepants
75.6%
Yellow
71.1%
Porous
62.2%
Something
62.2%
Wish
62.2%
On
62.2%
Flop
62.2%
Like
62.2%
Fish
62.2%
Is
60%
Deck
60%
Nonsense
57.8%
Be
57.8%
Drop
57.8%
If
53.3%
Nautical
51.1%
Then
51.1%
Absorbent
46.7%
Said
37.8%
Quiz Playlist
Details
Report
Send in Message
Add To Playlist
Classic:
Type in answers that appear in a list
Last Updated: Jul 20, 2017
Quiz Scoreboard
CHALLENGE
Sign Up to Join the Scoreboard
Show All
Scores
Hide
Comments
May contain spoilers
Recently Published
Street Fighter Characters
by Artimus82
Gaming
60s
9x9 Crossword: Cartoon Network
by jackfrog10
Miscellaneous
3m
College Basketball Coaching Resumes
by pancakes188
Sports
9m
More to Explore
Quiz From the Vault
Featured Blog Post
Where Did the Easter Bunny Come From?
hide this ad
You Might Also Like...
Tags
Song Quiz
SpongeBob
theme
Today's Top Quizzes in Television
Browse Television
hide this ad
Today's Top Quizzes in Song
Browse Song
Top Contributed Quizzes in Television
1
5-to-1: The Simpsons Families
2
Adjectives in 80s TV Shows
3
Adjectives in 00s TV Shows
4
Survivor Journey Challenge
5
5-to-1: Television Doctors
6
7-to-1: TV Show Settings
7
Adjectives in 10s TV Shows
8
5-to-1: Streaming Originals
9
Survivor Seasons
10
Adjectives in 70s TV Shows
Explore More
Trending Topics
Marvel
Kpop
Anime
Harry Potter
Crossword
NBA
Disney
WWE
Puzzle
Soccer
Song
The Office
NFL
Pokémon
Country
hide this ad
More By:
superstar700
Quiz
Plays
Rating
Category
Featured
Created
Harry Potter fill in the blank
209
1.20
Literature
Aug 11, 2017
Last 5 QB's Drafted for each NFL Team
161
5.00
Sports
Aug 22, 2017
NASCAR Drivers who flipped
153
Sports
Jul 13, 2017
Name the Harry Potter Character by quote
123
2.29
Literature
Jul 31, 2017
Complete The Song: Demi Lovato
121
Music
Nov 23, 2018
Go to Creator's Profile
Score Distribution
Quiz Creator Spotlight
superstar700
Follow
Send a Message
Quizzes Created
-
Created Quiz Play Count
-
More By This Creator
Popular Quizzes Today
1
Find the US States - No Outlines Minefield
2
Find the Countries of Europe - No Outlines Minefield
3
The Countries of the World
4
Find the US States
5
Risky Map Clicking: Biggest States A-Z
6
US States
7
Popular People in 1961
8
Movies - When Are They Set?
More Television Quizzes
Classic TV: In Color?
Published
Trending Quizzes
Risky Map Clicking: Least Populous States A-Z
Countries of the World: 200 Million BC
1-10 Letter G Words
Risky Map Clicking: Next State Alphabetically
Adjectives in 80s TV Shows
Recently Updated
Leaping Animals
pecheneg
Reality TV Shows (A-Z)
bhenderson79
Rickey Henderson's Hall of Fame Teammates
pecheneg
Champions League XIs: Arsenal
pecheneg
Quick Pick: Celebrities in WWE's Hall of Fame
aduchscher
A-Z Keypad Blitz II
pecheneg
Multiple Oscar Actors
pecheneg
Mystery Phrase Blitz: Oscar 'Best Actors'
pecheneg
F. Scott Fitzgerald Novels
LTH
Pick 3 Villains
ddd62291
Trending Topics
Anime
Crossword
Kpop
NBA
Harry Potter
Disney
Marvel
The Office
Pokémon
Puzzle
Soccer
NFL
WWE
Country
Song
Your Account Isn't Verified!
In order to create a playlist on Sporcle, you need to verify the email address you used during registration. Go to your
Sporcle Settings
to finish the process.
Report this User
Report this user for behavior that violates our
Community Guidelines
.
Details:
Send Report
Go to the Sporcle.com Mobile Site →
Comments